| 000 | 00687nam a2200229 a 4500 | ||
|---|---|---|---|
| 005 | 20210219153202.0 | ||
| 008 | 991125n 000 0 u | ||
| 035 | _aUPN01000083045 | ||
| 100 | 1 | _aBurtonwood, Neil | |
| 222 | 0 | _aBRITISH EDUCATIONAL RESEARCH JOURNAL | |
| 245 | 0 | 0 | _aINSET and education for multicultural society : a review of the literature |
| 260 | _aInglaterra | ||
| 300 | _a321-334 | ||
| 362 | 0 | _a1990 Vol. 16, no. 4 | |
| 653 | 0 | _aACTUALIZACION DOCENTE | |
| 653 | 0 | _aEDUCACION MULTICULTURAL | |
| 653 | 0 | _aMAESTROS DE ESCUELAS PUBLICAS | |
| 653 | 0 | _aPERFECCIONAMIENTO DEL MAESTRO | |
| 653 | 0 | _aPREJUICIO RACIAL | |
| 904 |
_aAC _b020856 |
||
| 905 | _aArticulo | ||
| 999 |
_c70525 _d70525 |
||